[Event "LSS RC-2010-0-00060"]
[Site "LSS email"]
[Date "2011.02.14"]
[Round "?"]
[White "Edwards, KEDG"]
[Black "Grigoryan, Gagik K"]
[Result "0-1"]
[WhiteElo "1920"]
[BlackElo "1778"]
[PlyCount "70"]
[EventDate "2010.12.21"]
[EventType "tourn (corr)"]
[EventRounds "6"]
[EventCountry "GER"]
[SourceTitle "Corr 2022"]
[Source "ChessBase"]
[SourceDate "2021.10.24"]
[SourceVersion "1"]
[SourceVersionDate "2021.10.24"]
[SourceQuality "1"]

1. e4 c5 2. Nf3 Nc6 3. c3 Nf6 4. e5 Nd5 5. Na3 d6 6. Bb5 Bd7 7. d4 e6 8. 0-0 cxd4 9. exd6 Bxd6 10. Nc4 Bc7 11. Bxc6 Bxc6 12. Nxd4 Bd7 13. Qb3 Qb8 14. g3 0-0 15. a4 h6 16. Bd2 Rd8 17. Rfe1 a6 18. Nf3 b5 19. axb5 axb5 20. Rxa8 Qxa8 21. Nce5 Be8 22. Nd4 Bxe5 23. Rxe5 Nb6 24. f4 Nc4 25. Re2 e5 26. fxe5 Rxd4 27. cxd4 Qd5 28. h4 Bc6 29. Rh2 Qxd4+ 30. Rf2 Qe4 31. Qf3 Qxf3 32. Rxf3 Bxf3 33. Bc3 Bd1 34. Kf2 Kf8 35. g4 Bxg4 0-1